000 01424nam a22002537a 4500
005 20250927094527.0
008 250924b |||||||| |||| 00| 0 eng d
020 _a9780340750155
040 _cAL
041 _aEnglish
082 _a294.3
_bLAMA
100 _aDalai Lama
_9240728
245 _aArt of happiness
_b: a handbook for living
260 _aLondon
_bYellow Kite
_c2017
300 _axvii,269p.
_bPB
_c20x13cm.
365 _b₹499.00
_c
_d₹499.00
520 _aIn this unique and important book one of the world's great spiritual leaders offers his practical wisdom and advice on how we can overcome everyday human problems and achieve lasting happiness.The Art of Happiness is a highly accessible guide for a western audience, combining the Dalai Lama's eastern spiritual tradition with Dr Howard C. Cutler's western perspective. Covering all key areas of human experience, they apply the principles of Tibetan Buddhism to everyday problems and reveal how one can find balance and complete spiritual and mental freedom.For the many who wish to understand more about the Dalai Lama's approach to living, there has never been a book which brings his beliefs so vividly into the real world.
650 _aPhilosophy and Religion
_9240321
650 _aSelf-realization
_9240322
650 _aHappiness
_9240323
650 _aBuddhism
_9240324
700 _aCutler,Howard C
_9240325
942 _2ddc
_cDB
999 _c240498
_d240498